| 000 | 00586nam a22001937a 4500 | ||
|---|---|---|---|
| 005 | 20170724140546.0 | ||
| 010 | _aENG-108883 | ||
| 020 |
_c190.00 _a9788122506631 |
||
| 035 | _aEN-92416 | ||
| 037 | _bDBAD/PUB | ||
| 082 | _a346.5407 | ||
| 100 | _aSaravanavel, P. | ||
| 245 |
_aCommercial law / _cby P. Saravanavel [and] R. K. Singh |
||
| 260 |
_aNew Delhi _bKitab Mahal _c2013 |
||
| 270 |
_a8, Hari Sadan, Ground Floor, 20, Ansari Road Daryaganj _bNew Delhi _e110002 |
||
| 300 |
_av,312p. _c23cm(pbk) |
||
| 700 | _aSingh, R. K. | ||
| 942 |
_2ddc _cEN _mSAR _h346.5407 |
||
| 999 |
_c81280 _d81280 |
||